000 00483pab a2200181 454500
008 180718b2012 xxu||||| |||| 00| 0 eng d
100 _aBhatt, Mihir B.
245 _aDisaster response preparedness in India and China
260 _c2012
300 _ap.25-27.
362 _a7 Jan
650 _aDisaster prevention - India
650 _aDisaster prevention - China
650 _aDisaster prevention
773 _aEconomic and Political Weekly
908 _aN
909 _a95594
999 _c95594
_d95594